[Event "2. BUNDESLIGA MITTE 2019/2020"]
[Site "St. Veit"]
[Date "2020.01.12"]
[Round "9"]
[Board "1"]
[White "Tratar, Marko"]
[Black "Flumbort, Andras"]
[Result "1/2-1/2"]
[WhiteElo "2443"]
[BlackElo "2457"]
[PlyCount "70"]
[EventDate "2019.10.11"]
[EventType "team"]
[EventRounds "11"]
[EventCountry "AUT"]
[WhiteTeam "Frauental"]
[BlackTeam "ASK St. Valentin"]

1. Nf3 c5 2. b3 b6 3. g3 Nf6 4. Bb2 e6 5. c4 Bb7 6. Bg2 Be7 7. O-O O-O 8. Nc3
d5 9. e3 dxc4 10. bxc4 Nc6 11. Qe2 Na5 12. d3 a6 13. Rab1 Rb8 14. Ba1 Bc6 15.
Ne5 Bxg2 16. Kxg2 Qc7 17. f4 Nd7 18. Ne4 f5 19. Nd2 Nc6 20. Ndf3 Ncxe5 21. Nxe5
Nxe5 22. Bxe5 Bd6 23. Bc3 b5 24. e4 Qc6 25. Rbe1 b4 26. Ba1 a5 27. Qf3 a4 28.
exf5 Qxf3+ 29. Kxf3 exf5 30. d4 cxd4 31. Bxd4 Rfc8 32. Rc1 b3 33. c5 Bf8 34.
axb3 axb3 35. Rc4 Rb5  1/2-1/2

[Event "2. BUNDESLIGA MITTE 2019/2020"]
[Site "St. Veit"]
[Date "2020.01.12"]
[Round "9"]
[Board "2"]
[White "Sandhoefner, Florian"]
[Black "Schachinger, Mario"]
[Result "1-0"]
[WhiteElo "2323"]
[BlackElo "2402"]
[PlyCount "135"]
[EventDate "2019.10.11"]
[EventType "team"]
[EventRounds "11"]
[EventCountry "AUT"]
[WhiteTeam "ASK St. Valentin"]
[BlackTeam "Frauental"]

1. e4 e5 2. Nf3 Nc6 3. Bb5 a6 4. Ba4 Nf6 5. O-O Be7 6. Re1 b5 7. Bb3 d6 8. c3
O-O 9. d4 Bg4 10. d5 Na5 11. Bc2 c6 12. b4 Nc4 13. dxc6 Qc7 14. Nbd2 Qxc6 15.
Nxc4 Qxc4 16. Bb2 Rfb8 17. a4 bxa4 18. Rxa4 Bd7 19. Ra5 Bd8 20. Ra1 Qc7 21. Qd2
Be6 22. Red1 Be7 23. Ra5 Qc6 24. Rda1 Bc4 25. Qe1 Bd8 26. R5a3 Qb7 27. Nd2 Be6
28. Bd3 a5 29. b5 Bb6 30. h3 Nd7 31. c4 Nc5 32. Bf1 a4 33. Bc3 f5 34. Bb4 fxe4
35. Bxc5 Bxc5 36. Rxa4 Rxa4 37. Rxa4 e3 38. fxe3 Qb6 39. Ra6 Bxe3+ 40. Kh1 Qd4
41. Nf3 Qf4 42. Rxd6 Bf7 43. Qd1 Rf8 44. Rd8 e4 45. Nh2 Bb6 46. Qd6 Qxd6 47.
Rxd6 Bc7 48. Rc6 Bg3 49. Be2 h5 50. Nf1 Bf2 51. c5 Bd4 52. b6 Be5 53. b7 Bd5
54. Rc8 g6 55. c6 Be6 56. Rxf8+ Kxf8 57. Ne3 Ke7 58. Bc4 Bb8 59. Kg1 Kd6 60.
Bxe6 Kxe6 61. Nc2 Kd6 62. Nb4 Ba7+ 63. Kf1 h4 64. Ke2 g5 65. Na6 Kxc6 66. b8=Q
Bxb8 67. Nxb8+ Kc7 68. Ke3  1-0

[Event "2. BUNDESLIGA MITTE 2019/2020"]
[Site "St. Veit"]
[Date "2020.01.12"]
[Round "9"]
[Board "3"]
[White "Mohr, Georg"]
[Black "Hajnal, Zoltan"]
[Result "1-0"]
[WhiteElo "2437"]
[BlackElo "2386"]
[PlyCount "59"]
[EventDate "2019.10.11"]
[EventType "team"]
[EventRounds "11"]
[EventCountry "AUT"]
[WhiteTeam "Frauental"]
[BlackTeam "ASK St. Valentin"]

1. Nf3 d5 2. e3 Nf6 3. c4 c6 4. d4 Bf5 5. Nc3 e6 6. Nh4 Be4 7. f3 Bg6 8. Qb3
Qc7 9. Bd2 Be7 10. g3 Bh5 11. O-O-O g5 12. g4 Bxg4 13. fxg4 gxh4 14. g5 Ne4 15.
Nxe4 dxe4 16. Qc2 Bxg5 17. Qxe4 Nd7 18. Qf3 Nf8 19. Kb1 O-O-O 20. Bc3 f6 21. d5
exd5 22. cxd5 Rxd5 23. Rxd5 cxd5 24. Bxf6 Bxf6 25. Bh3+ Kb8 26. Rc1 Qd8 27.
Qf4+ Ka8 28. Rc8+ Qxc8 29. Bxc8 Ng6 30. Qc7  1-0

[Event "2. BUNDESLIGA MITTE 2019/2020"]
[Site "St. Veit"]
[Date "2020.01.12"]
[Round "9"]
[Board "4"]
[White "Heimberger, Reinhard"]
[Black "Krebs, Johann"]
[Result "1-0"]
[WhiteElo "2238"]
[BlackElo "2226"]
[PlyCount "67"]
[EventDate "2019.10.11"]
[EventType "team"]
[EventRounds "11"]
[EventCountry "AUT"]
[WhiteTeam "ASK St. Valentin"]
[BlackTeam "Frauental"]

1. d4 Nf6 2. g3 c5 3. dxc5 e5 4. Bg2 Bxc5 5. c4 Nc6 6. Nc3 O-O 7. e3 d6 8. Nge2
Be6 9. Nd5 Nb4 10. O-O Nbxd5 11. cxd5 Bf5 12. h3 Qd7 13. g4 Be4 14. Ng3 Bg6 15.
e4 h6 16. Kh2 Rac8 17. f4 exf4 18. Bxf4 Rfe8 19. Qd3 Qe7 20. Rae1 Nd7 21. Qd2
Ne5 22. Nf5 Bxf5 23. gxf5 Qh4 24. Qe2 Bd4 25. f6 Rc2 26. Qxc2 Ng4+ 27. Kh1 Nf2+
28. Rxf2 Bxf2 29. Rf1 Bc5 30. fxg7 f5 31. e5 dxe5 32. Qxc5 exf4 33. d6 Re3 34.
Qxf5  1-0

[Event "2. BUNDESLIGA MITTE 2019/2020"]
[Site "St. Veit"]
[Date "2020.01.12"]
[Round "9"]
[Board "5"]
[White "Khalakhan, Jurij"]
[Black "Tober, Gerhard"]
[Result "1-0"]
[WhiteElo "2249"]
[BlackElo "2197"]
[PlyCount "95"]
[EventDate "2019.10.11"]
[EventType "team"]
[EventRounds "11"]
[EventCountry "AUT"]
[WhiteTeam "Frauental"]
[BlackTeam "ASK St. Valentin"]

1. e4 c5 2. Nc3 Nc6 3. f4 g6 4. Nf3 Bg7 5. Bb5 Nd4 6. O-O Nxb5 7. Nxb5 d6 8.
Nc3 Nf6 9. d3 O-O 10. Qe1 b6 11. Qh4 Bg4 12. f5 d5 13. e5 Bxf3 14. Rxf3 d4 15.
fxg6 fxg6 16. exf6 Bxf6 17. Rxf6 exf6 18. Ne4 g5 19. Qh6 Qe7 20. h4 g4 21. Bf4
Qg7 22. Qxg7+ Kxg7 23. Nd6 Rad8 24. Re1 Rd7 25. h5 Rfd8 26. Nf5+ Kf8 27. Kf2 b5
28. Kg3 c4 29. Kxg4 a5 30. Re6 Kf7 31. Rb6 Rd5 32. Nd6+ Ke7 33. Rb7+ Rd7 34.
Rxd7+ Kxd7 35. dxc4 bxc4 36. Nxc4 Rc5 37. b3 a4 38. h6 Ke6 39. Kf3 axb3 40.
cxb3 Kd5 41. a4 f5 42. g3 Rc6 43. Bd2 Rg6 44. a5 Rg8 45. Bf4 Re8 46. a6 Kc6 47.
a7 d3 48. Bb8  1-0

[Event "2. BUNDESLIGA MITTE 2019/2020"]
[Site "St. Veit"]
[Date "2020.01.12"]
[Round "9"]
[Board "6"]
[White "Eder, Andreas"]
[Black "Steiner, Stefan"]
[Result "1/2-1/2"]
[WhiteElo "2134"]
[BlackElo "2298"]
[PlyCount "59"]
[EventDate "2019.10.11"]
[EventType "team"]
[EventRounds "11"]
[EventCountry "AUT"]
[WhiteTeam "ASK St. Valentin"]
[BlackTeam "Frauental"]

1. d4 Nf6 2. Bf4 c5 3. e3 d5 4. Nf3 Nc6 5. Nc3 a6 6. dxc5 e6 7. Na4 Bxc5 8.
Nxc5 Qa5+ 9. c3 Qxc5 10. Ne5 O-O 11. Bd3 Nxe5 12. Bxe5 Qe7 13. Bxf6 Qxf6 14.
Qb3 Rd8 15. O-O Rd6 16. Rfe1 e5 17. Rad1 b6 18. Qc2 g6 19. e4 Bb7 20. exd5 Bxd5
21. Be4 Rad8 22. Rxd5 Rxd5 23. Bxd5 Rxd5 24. Rd1 Qd6 25. Rxd5 Qxd5 26. b3 a5
27. h3 h5 28. Qe2 Kg7 29. Qe3 Qd1+ 30. Kh2  1/2-1/2

[Event "2. BUNDESLIGA MITTE 2019/2020"]
[Site "St. Veit"]
[Date "2020.01.12"]
[Round "9"]
[Board "1"]
[White "Csonka, Balazs"]
[Black "Kadric, Denis"]
[Result "1-0"]
[WhiteElo "2481"]
[BlackElo "2588"]
[PlyCount "91"]
[EventDate "2019.10.11"]
[EventType "team"]
[EventRounds "11"]
[EventCountry "AUT"]
[WhiteTeam "Schachfreunde Graz"]
[BlackTeam "SC Pinggau-Friedberg"]

1. d4 d6 2. c4 g6 3. e4 Nd7 4. Nc3 e5 5. Nf3 Bg7 6. Be2 Ngf6 7. O-O O-O 8. Qc2
c6 9. d5 c5 10. Bg5 h6 11. Bd2 Nh7 12. g3 Ndf6 13. Rab1 Bh3 14. Rfe1 g5 15. b4
cxb4 16. Rxb4 b6 17. a4 Nd7 18. Be3 f5 19. exf5 Bxf5 20. Ne4 Nc5 21. Bxc5 bxc5
22. Rb7 Bc8 23. Rb3 Nf6 24. Nfd2 Ne8 25. Reb1 Nc7 26. Qd1 Qd7 27. Rf3 Rxf3 28.
Bxf3 g4 29. Be2 Ne8 30. Nf1 h5 31. h3 gxh3 32. Bxh5 Nf6 33. Nxf6+ Bxf6 34. Ne3
Qh7 35. Kh2 Bg5 36. Bg4 Kh8 37. Bxc8 Rxc8 38. Qg4 Rf8 39. Rb2 Bxe3 40. fxe3 Qd3
41. Rb7 Rf2+ 42. Kxh3 Qf1+ 43. Kh4 Rh2+ 44. Kg5 Qf8 45. Qe6 Qd8+ 46. Re7  1-0

[Event "2. BUNDESLIGA MITTE 2019/2020"]
[Site "St. Veit"]
[Date "2020.01.12"]
[Round "9"]
[Board "2"]
[White "Ftacnik, Lubomir"]
[Black "Gajek, Radoslaw"]
[Result "1/2-1/2"]
[WhiteElo "2521"]
[BlackElo "2422"]
[PlyCount "98"]
[EventDate "2019.10.11"]
[EventType "team"]
[EventRounds "11"]
[EventCountry "AUT"]
[WhiteTeam "SC Pinggau-Friedberg"]
[BlackTeam "Schachfreunde Graz"]

1. Nf3 d5 2. e3 Nc6 3. b3 e5 4. Bb2 e4 5. Ne5 Qf6 6. Bb5 a6 7. Bxc6+ bxc6 8.
O-O Bd6 9. d4 Qh6 10. Ba3 Nf6 11. f3 Qxe3+ 12. Kh1 Bxa3 13. Nxa3 c5 14. c4 Be6
15. cxd5 Bxd5 16. Nac4 Qxd4 17. Qe1 O-O 18. Rd1 exf3 19. Rxf3 Qe4 20. Qf2 Bxc4
21. Nxc4 Rad8 22. Rf1 Qd4 23. Qg3 Ne4 24. Qxc7 f5 25. h3 f4 26. Kh2 g5 27. Re1
Rde8 28. Qc6 a5 29. a4 Nf6 30. Rxe8 Rxe8 31. Nd6 g4 32. hxg4 Rd8 33. Nb7 Qe5
34. Qxc5 Rd5 35. Qc8+ Kg7 36. Nd8 h5 37. Qc7+ Qxc7 38. Ne6+ Kf7 39. Nxc7 Rc5
40. Rxf4 hxg4 41. Ne8 Kxe8 42. Rxf6 Rc3 43. Rf5 Rxb3 44. Rxa5 Kf7 45. Ra8 Ra3
46. a5 Kg7 47. a6 Kf7 48. Rh8 Rxa6 49. Kg3 Rg6  1/2-1/2

[Event "2. BUNDESLIGA MITTE 2019/2020"]
[Site "St. Veit"]
[Date "2020.01.12"]
[Round "9"]
[Board "3"]
[White "Huber, Martin Christian"]
[Black "Milanovic, Danilo"]
[Result "1/2-1/2"]
[WhiteElo "2343"]
[BlackElo "2455"]
[PlyCount "90"]
[EventDate "2019.10.11"]
[EventType "team"]
[EventRounds "11"]
[EventCountry "AUT"]
[WhiteTeam "Schachfreunde Graz"]
[BlackTeam "SC Pinggau-Friedberg"]

1. d4 Nf6 2. c4 c5 3. d5 b5 4. cxb5 a6 5. bxa6 g6 6. Nc3 Bxa6 7. e4 Bxf1 8.
Kxf1 d6 9. Nf3 Bg7 10. g3 O-O 11. Kg2 Na6 12. Qe2 Qb6 13. a4 Nc7 14. Bg5 Rfb8
15. Rab1 Qa6 16. Qxa6 Rxa6 17. Nd2 Rab6 18. b3 Ng4 19. Ne2 f6 20. Bf4 f5 21. f3
Nf6 22. Rhc1 Nd7 23. Rc4 Bf6 24. h4 Kg7 25. Nc1 Na6 26. Nd3 h6 27. Be3 Ne5 28.
Nxe5 Bxe5 29. h5 g5 30. f4 gxf4 31. gxf4 Bf6 32. Kf3 fxe4+ 33. Kxe4 Kf7 34. Rg1
Nc7 35. f5 Bg7 36. Rg6 Ne8 37. Bxh6 Nf6+ 38. Kf3 Bh8 39. Bg5 Nxd5 40. Ke4 Nc3+
41. Kd3 Nd5 42. Re4 Nb4+ 43. Ke3 Nd5+ 44. Kd3 Nb4+ 45. Ke3 Nd5+  1/2-1/2

[Event "2. BUNDESLIGA MITTE 2019/2020"]
[Site "St. Veit"]
[Date "2020.01.12"]
[Round "9"]
[Board "4"]
[White "Schnider, Gert"]
[Black "Kravanja, Georg"]
[Result "1-0"]
[WhiteElo "2423"]
[BlackElo "2282"]
[PlyCount "81"]
[EventDate "2019.10.11"]
[EventType "team"]
[EventRounds "11"]
[EventCountry "AUT"]
[WhiteTeam "SC Pinggau-Friedberg"]
[BlackTeam "Schachfreunde Graz"]

1. c4 c6 2. Nf3 d5 3. e3 Nf6 4. Nc3 g6 5. d4 Bg7 6. Be2 O-O 7. O-O Bg4 8. cxd5
Nxd5 9. Qb3 Nxc3 10. bxc3 Qc7 11. Ba3 b6 12. Rac1 h6 13. h3 Bc8 14. e4 Re8 15.
e5 c5 16. dxc5 Be6 17. Qa4 Nd7 18. Nd4 Nxc5 19. Bxc5 Qxc5 20. Nxe6 fxe6 21. Qg4
Qxe5 22. Bc4 Kh7 23. Rce1 Qf5 24. Qg3 e5 25. Bd3 Qg5 26. Qf3 Rf8 27. Qb7 Rac8
28. Re3 Rb8 29. Qxa7 Ra8 30. Qxb6 Rf6 31. Qb1 Raf8 32. Rg3 Qh5 33. Be4 Ra6 34.
c4 Rff6 35. Qc2 Ra7 36. c5 Rc7 37. c6 e6 38. Rd1 Qh4 39. Rd6 Qh5 40. Rd7 Rc8
41. c7  1-0

[Event "2. BUNDESLIGA MITTE 2019/2020"]
[Site "St. Veit"]
[Date "2020.01.12"]
[Round "9"]
[Board "6"]
[White "Schieder, Andreas"]
[Black "Kastner, Walter"]
[Result "1-0"]
[WhiteElo "2188"]
[BlackElo "2206"]
[PlyCount "109"]
[EventDate "2019.10.11"]
[EventType "team"]
[EventRounds "11"]
[EventCountry "AUT"]
[WhiteTeam "SC Pinggau-Friedberg"]
[BlackTeam "Schachfreunde Graz"]

1. d4 d5 2. Bg5 h6 3. Bh4 c6 4. e3 Qb6 5. Bd3 e5 6. Nd2 e4 7. Be2 Ne7 8. Bxe7
Bxe7 9. Bg4 Nd7 10. f3 Nf6 11. Bxc8 Rxc8 12. Rb1 O-O 13. fxe4 Nxe4 14. Nxe4
dxe4 15. Ne2 Bh4+ 16. g3 Bg5 17. Qd2 c5 18. h4 Bf6 19. c3 Qe6 20. O-O Qh3 21.
Rf2 cxd4 22. exd4 e3 23. Qxe3 Bxh4 24. Rh2 Bg5 25. Rxh3 Bxe3+ 26. Kg2 Rfe8 27.
Rhh1 b5 28. Rbd1 b4 29. Rhe1 Bg5 30. d5 Re7 31. Kf2 bxc3 32. Nxc3 Rb7 33. Re2
Bf6 34. Ne4 Be5 35. b3 Rd7 36. Rd3 Rcd8 37. Red2 Bc7 38. Kf3 Bb6 39. g4 Re8 40.
d6 Re6 41. b4 Re5 42. Kf4 Rb5 43. a3 a5 44. Rd5 Rxd5 45. Rxd5 axb4 46. axb4 f6
47. Nc5 Rd8 48. Rd3 Kf7 49. Ke4 Rb8 50. Nd7 Re8+ 51. Kd5 Bd8 52. b5 Re1 53. b6
Rb1 54. Kc6 Bxb6 55. Nxb6  1-0

[Event "2. BUNDESLIGA MITTE 2019/2020"]
[Site "St. Veit"]
[Date "2020.01.12"]
[Round "9"]
[Board "1"]
[White "Horvath, Adam"]
[Black "Haba, Petr"]
[Result "1/2-1/2"]
[WhiteElo "2487"]
[BlackElo "2470"]
[PlyCount "81"]
[EventDate "2019.10.11"]
[EventType "team"]
[EventRounds "11"]
[EventCountry "AUT"]
[WhiteTeam "EJ Gleisdorf"]
[BlackTeam "SPG Sparkasse SEDDA Grieskirchen/Schalle"]

1. e4 e5 2. Nf3 Nf6 3. Nxe5 d6 4. Nf3 Nxe4 5. d4 d5 6. Bd3 Nc6 7. O-O Be7 8.
Nbd2 Nxd2 9. Bxd2 Bg4 10. c3 O-O 11. h3 Bh5 12. g3 Qd7 13. Kg2 Bg6 14. Ne1 Rae8
15. Qg4 Qxg4 16. hxg4 Bd6 17. Bxg6 hxg6 18. Nd3 Nd8 19. Rae1 c6 20. g5 Rxe1 21.
Rxe1 Ne6 22. f4 Re8 23. Kf3 Nc7 24. g4 Rxe1 25. Bxe1 f6 26. gxf6 gxf6 27. f5 g5
28. b3 Kf7 29. c4 Ke8 30. c5 Be7 31. a4 Bd8 32. Bg3 a5 33. Ke2 Na6 34. Be1 Kd7
35. Kd1 Bc7 36. Kc2 Bd8 37. Kb2 Bc7 38. Ka3 Bd8 39. Bc3 Bc7 40. Bd2 Bd8 41. Be1
 1/2-1/2

[Event "2. BUNDESLIGA MITTE 2019/2020"]
[Site "St. Veit"]
[Date "2020.01.12"]
[Round "9"]
[Board "2"]
[White "Kilgus, Georg"]
[Black "Heinemann, Thies"]
[Result "1/2-1/2"]
[WhiteElo "2438"]
[BlackElo "2501"]
[PlyCount "79"]
[EventDate "2019.10.11"]
[EventType "team"]
[EventRounds "11"]
[EventCountry "AUT"]
[WhiteTeam "SPG Sparkasse SEDDA Grieskirchen/Schalle"]
[BlackTeam "EJ Gleisdorf"]

1. e4 c5 2. Nf3 d6 3. Bb5+ Nc6 4. O-O Bd7 5. Re1 a6 6. Bf1 g6 7. c3 Bg4 8. h3
Bxf3 9. Qxf3 Bg7 10. d3 Nf6 11. Qd1 Nd7 12. Nd2 O-O 13. Nf3 Qb6 14. Qc2 Rfc8
15. Bg5 Nf8 16. Qd2 Ne6 17. Be3 Qa5 18. a3 Qa4 19. Be2 Na5 20. Bd1 Qb5 21. Rb1
Qd7 22. Rc1 d5 23. b4 cxb4 24. axb4 dxe4 25. dxe4 Qxd2 26. Nxd2 Rxc3 27. Rxc3
Bxc3 28. bxa5 Rd8 29. Re2 Nd4 30. Nc4 Nxe2+ 31. Bxe2 Bd4 32. Bxd4 Rxd4 33. f3
f5 34. exf5 gxf5 35. g3 f4 36. gxf4 Rxf4 37. Kf2 Kg7 38. Bd3 Rd4 39. Ke3 Rd5
40. Be4  1/2-1/2

[Event "2. BUNDESLIGA MITTE 2019/2020"]
[Site "St. Veit"]
[Date "2020.01.12"]
[Round "9"]
[Board "3"]
[White "Frosch, Ronald"]
[Black "Schwabeneder, Florian"]
[Result "0-1"]
[WhiteElo "2261"]
[BlackElo "2401"]
[PlyCount "84"]
[EventDate "2019.10.11"]
[EventType "team"]
[EventRounds "11"]
[EventCountry "AUT"]
[WhiteTeam "EJ Gleisdorf"]
[BlackTeam "SPG Sparkasse SEDDA Grieskirchen/Schalle"]

1. d4 Nf6 2. Nf3 c5 3. e3 d5 4. Be2 Nc6 5. O-O cxd4 6. exd4 Bg4 7. c3 e6 8. Ne5
Bxe2 9. Qxe2 Bd6 10. Bf4 Qc7 11. Nd2 O-O 12. Rae1 Rae8 13. g4 Bxe5 14. dxe5 Nd7
15. Qe3 Qb6 16. Qh3 Qxb2 17. Nf3 Qxc3 18. Re3 Qc2 19. Rb3 Rb8 20. Rc1 Qe4 21.
Ng5 Qg6 22. Qg3 Nd4 23. Re3 Rbc8 24. Rd1 h6 25. Ne4 dxe4 26. Rxd4 Nc5 27. h4 h5
28. gxh5 Qxh5 29. Bg5 Kh8 30. Be7 Rfe8 31. Bxc5 Rxc5 32. Rexe4 Rd5 33. Kg2 Red8
34. Rc4 b5 35. Rc7 R5d7 36. Rxd7 Rxd7 37. Rg4 Rd3 38. f3 Rd2+ 39. Kh3 Qf5 40.
Qf4 Rxa2 41. Qe3 Qc2 42. Qg1 Qf2  0-1

[Event "2. BUNDESLIGA MITTE 2019/2020"]
[Site "St. Veit"]
[Date "2020.01.12"]
[Round "9"]
[Board "4"]
[White "Webersberger, Johann"]
[Black "Wanderer, Thomas"]
[Result "1-0"]
[WhiteElo "2367"]
[BlackElo "2229"]
[PlyCount "47"]
[EventDate "2019.10.11"]
[EventType "team"]
[EventRounds "11"]
[EventCountry "AUT"]
[WhiteTeam "SPG Sparkasse SEDDA Grieskirchen/Schalle"]
[BlackTeam "EJ Gleisdorf"]

1. c4 c5 2. Nc3 Nf6 3. g3 Nc6 4. Nf3 d5 5. cxd5 Nxd5 6. Bg2 Nc7 7. O-O e5 8. a3
f6 9. d3 Be6 10. Be3 Qd7 11. Rc1 b6 12. b4 Nd4 13. bxc5 Bxc5 14. Bxd4 exd4 15.
Na4 Rd8 16. Nxc5 bxc5 17. Rxc5 O-O 18. Nxd4 Bd5 19. Rxc7 Qxc7 20. Bxd5+ Rxd5
21. Ne6 Qd7 22. Nxf8 Kxf8 23. Qc2 Rh5 24. Rc1  1-0

[Event "2. BUNDESLIGA MITTE 2019/2020"]
[Site "St. Veit"]
[Date "2020.01.12"]
[Round "9"]
[Board "5"]
[White "Manhardt, Thomas"]
[Black "Singer, Christoph"]
[Result "1/2-1/2"]
[WhiteElo "2289"]
[BlackElo "2338"]
[PlyCount "82"]
[EventDate "2019.10.11"]
[EventType "team"]
[EventRounds "11"]
[EventCountry "AUT"]
[WhiteTeam "EJ Gleisdorf"]
[BlackTeam "SPG Sparkasse SEDDA Grieskirchen/Schalle"]

1. e4 e5 2. Nf3 Nc6 3. d4 exd4 4. Nxd4 Bc5 5. Nb3 Bb4+ 6. c3 Be7 7. c4 Bf6 8.
Nc3 Bxc3+ 9. bxc3 d6 10. c5 Nf6 11. cxd6 Nxe4 12. Qe2 O-O 13. dxc7 Qd7 14. Be3
Re8 15. Qc2 Qxc7 16. Bd3 Bf5 17. O-O Ne5 18. Bd4 Bg6 19. Rfe1 Nxd3 20. Qxd3 b6
21. Qb5 Re6 22. Re3 Nd6 23. Qd5 Rae8 24. Rxe6 Rxe6 25. Be5 Qc4 26. Rd1 f6 27.
Qxc4 Nxc4 28. Bb8 a5 29. Kf1 Re8 30. Bc7 a4 31. Nd4 Nb2 32. Rc1 Bd3+ 33. Kg1 b5
34. h3 Rc8 35. Bd6 Bc4 36. Rb1 Nd3 37. Nxb5 Bxa2 38. Rd1 Bc4 39. Na3 Ba6 40.
Bb4 Kf7 41. f3 Re8  1/2-1/2

[Event "2. BUNDESLIGA MITTE 2019/2020"]
[Site "St. Veit"]
[Date "2020.01.12"]
[Round "9"]
[Board "6"]
[White "Lentrodt, Thomas"]
[Black "Frosch, Erich"]
[Result "0-1"]
[WhiteElo "2251"]
[BlackElo "2188"]
[PlyCount "110"]
[EventDate "2019.10.11"]
[EventType "team"]
[EventRounds "11"]
[EventCountry "AUT"]
[WhiteTeam "SPG Sparkasse SEDDA Grieskirchen/Schalle"]
[BlackTeam "EJ Gleisdorf"]

1. d4 Nf6 2. c4 e6 3. Nc3 d5 4. cxd5 Nxd5 5. e4 Nxc3 6. bxc3 c5 7. Rb1 cxd4 8.
cxd4 Be7 9. Nf3 O-O 10. Bc4 b6 11. O-O Bb7 12. Qe2 Nd7 13. Bb2 Rc8 14. Rbc1 Rc7
15. Bd3 Rxc1 16. Rxc1 Qb8 17. Nd2 e5 18. Bb5 Rd8 19. Bxd7 Rxd7 20. dxe5 Bg5 21.
Rc2 Qd8 22. Nf1 Rd1 23. g3 Qd3 24. Qxd3 Rxd3 25. f4 Be7 26. Kf2 Bc5+ 27. Ke2
Ba6 28. Ke1 Rf3 29. Nd2 Re3+ 30. Kd1 Be2+ 31. Kc1 Bd3 32. Nc4 Rf3 33. Rc3 Rf1+
34. Kd2 Bxe4 35. Ba3 Bd4 36. Rc1 Rf2+ 37. Ke1 Rxh2 38. Nd2 Rh1+ 39. Ke2 Rxc1
40. Bxc1 Bd5 41. Nb3 Bxb3 42. axb3 h5 43. Bd2 Kf8 44. Be1 Ke7 45. Kd3 Bg1 46.
Ke4 g6 47. f5 a5 48. Bd2 Bf2 49. Bg5+ Ke8 50. Bf4 b5 51. Kf3 Bd4 52. Ke4 Bb2
53. fxg6 fxg6 54. Kd3 Ke7 55. Kc2 Ba1  0-1